| 000 | 00738nam a2200241Ia 4500 | ||
|---|---|---|---|
| 003 | GCL | ||
| 008 | 140319s9999 xx 000 0 ara d | ||
| 040 |
_aGCL / _cGCL |
||
| 082 | 0 | 4 |
_a782.1 _bع ا |
| 100 | 1 | _aعزيز الشوان | |
| 245 | 1 | 0 |
_aالاوبرا / _cعزيز الشوان |
| 260 |
_a[S.N] : _bالهيئة المصرية العامة للكتاب ، _c1988 |
||
| 490 | _a | ||
| 650 | 0 | 4 | _aالمسرحيات |
| 650 | 0 | 4 | _aالاشكال الموسيقية |
| 650 | 0 | 4 | _aالاوبرا |
| 650 | 0 | 4 | _aالموسيقى الصوتية |
| 650 | 0 | 4 | _aالاعمال الموسيقية |
| 650 | 0 | 4 | _aالموسيقى الغنائية |
| 650 | 0 | 4 | _aالبالية |
| 650 | 0 | 4 | _aتاريخ ونقد |
| 942 |
_2ddc _cBK |
||
| 999 |
_c30327 _d30327 |
||